| 000 | 00870cam a2200265 a 4500 | ||
|---|---|---|---|
| 005 | 20260322212028.0 | ||
| 008 | data | ||
| 010 | _a 96003207 | ||
| 020 | _a1565302028 (hardcover : alk. paper) | ||
| 020 | _a9781565302020 (hardcover : alk. paper) | ||
| 040 |
_aDLC _cDLC _dDLC |
||
| 043 | _an-us-az | ||
| 050 | 0 | 0 |
_aHV7979 _b.A78 1996 |
| 082 | 0 | 0 |
_a363.2/82/0973 _220 |
| 100 | 1 |
_aArpaio, Joe, _d1932- |
|
| 245 | 1 | 0 |
_aAmerica's toughest sheriff : _bhow to win the war against crime / _cJoe Arpaio & Len Sherman. |
| 260 |
_aArlington, Tex. : _bSummit Pub. Group, _cc1996. |
||
| 300 |
_axxii, 262 p., [8] p. of plates : _bill. ; _c24 cm. |
||
| 600 | 1 | 0 |
_aArpaio, Joe, _d1932- |
| 650 | 0 |
_aSheriffs _zArizona _xCase studies. |
|
| 650 | 0 |
_aPrisons _zArizona _xCase studies. |
|
| 650 | 0 |
_aCrime prevention _zArizona _xCase studies. |
|
| 700 | 1 |
_aSherman, Len, _d1956- |
|
| 001 | data | ||
| 999 |
_c636 _d636 |
||